000 00418nmm a2200145Ia 4500
008 251105s9999||||xx |||||||||||||||||und||
041 _aspa
100 _aEsquivel, Pablo
245 0 _aConcierto de luz
264 _a[Santiago de Chile, Chile] :
_bEdición Digital,
_c2014
300 _a114 páginas
650 _aLatin American narrative
856 _uhttps://public.digitaliapublishing.com/a/30450
942 _cCF
999 _c105269
_d105269